ロード中...

Handbook of Engineering Plastics

書誌詳細
第一著者: Brown, D. Warburton
フォーマット: Printed Book
言語:English
出版事項: London George Newnes 1946
版:3rd ed.
主題:
LEADER 00664nam a2200253 a 4500
001 adlib96000001
003 ViArRB
005 20151026131117.0
008 960221s1955 dcuabcdjdbkoqu001 0deng d
020
022
040 |a Adlib 
082 |a 678.5 : 62(02) 
245 |a Handbook of Engineering Plastics 
250 |a 3rd ed. 
260 |a London  |b George Newnes  |c 1946 
300 |a viii, 336 p. 
500 |a   
100 |a Brown, D. Warburton 
700
942 |c BK  |6 _ 
653 |a Plastics  |a Polymers 
999 |c 20551  |d 20551 
952 |0 0  |1 0  |4 0  |6 6785_6202BRO  |7 0  |9 32107  |a UL  |b UL  |d 2010-06-16  |o 678.5 : 62(02) BRO  |p 00033577  |r 2010-06-16  |w 2010-06-16  |y BK